| 000 | 00582nam a22001937a 4500 | ||
|---|---|---|---|
| 003 | AM-YeHGA | ||
| 005 | 20250617154110.0 | ||
| 008 | 180517s xxu||||| |||| 00| 0 rus d | ||
| 040 | _aAM-YeHGA | ||
| 041 | 0 | _arus | |
| 100 | 1 | _aАндреев, Виктор Александрович. | |
| 245 | 1 | 0 |
_aПрыжки на лыжах / _cВ.А. Андреев |
| 260 |
_aМосква : _bВоен. изд-во, _c1950. |
||
| 300 |
_a95 с. : _bил. |
||
| 653 | 0 | _aПрыжки на лыжах | |
| 653 | 0 | _aЛыжный спорт | |
| 942 |
_2udc _cBK |
||
| 090 | _c407007 | ||
| 999 |
_c404766 _d404766 |
||